Gerontological social work practice issues, challenges, and potential
Includes bibliographical references and index; Neal A. Newfield, Ph.D., LICSW (Giver)
সংরক্ষণ করুন:
| প্রধান লেখক: | |
|---|---|
| অন্যান্য লেখক: | |
| বিন্যাস: | গ্রন্থ |
| ভাষা: | Undetermined |
| প্রকাশিত: |
New York
Haworth Social Work Practice Press
2001
|
| বিষয়গুলি: | |
| অনলাইন ব্যবহার করুন: | http://lrc.tdmu.edu.vn/opac/search/detail.asp?aID=2&ID=31454 |
| ট্যাগগুলো: |
ট্যাগ যুক্ত করুন
কোনো ট্যাগ নেই, প্রথমজন হিসাবে ট্যাগ করুন!
|
| Thư viện lưu trữ: | Trung tâm Học liệu Trường Đại học Thủ Dầu Một |
|---|
| LEADER | 00929nam a2200229Ia 4500 | ||
|---|---|---|---|
| 001 | TDMU_31454 | ||
| 008 | 210410s9999 xx 000 0 und d | ||
| 082 | |a 302 | ||
| 090 | |b C435 | ||
| 100 | |a Cox, Enid Opal | ||
| 245 | 0 | |a Gerontological social work practice | |
| 245 | 0 | |b issues, challenges, and potential | |
| 245 | 0 | |c Enid Opal Cox, Elizabeth S. Kelchner, Rosemary Chapin, editors | |
| 260 | |a New York | ||
| 260 | |b Haworth Social Work Practice Press | ||
| 260 | |c 2001 | ||
| 300 | |a xvii, 204 p. | ||
| 520 | |a Includes bibliographical references and index; Neal A. Newfield, Ph.D., LICSW (Giver) | ||
| 650 | |a Social work with older people |z United States; Công tác xã hội với người cao tuổi |z Mỹ (Hoa Kỳ) | ||
| 700 | |a Kelchner, Elizabeth S. | ||
| 856 | |u http://lrc.tdmu.edu.vn/opac/search/detail.asp?aID=2&ID=31454 | ||
| 980 | |a Trung tâm Học liệu Trường Đại học Thủ Dầu Một | ||